Airlines Serving the Airports of India - Statistics

General Stats
  • This quiz has been taken 224 times
  • The average score is 48 of 107
Answer Stats
Airports Airlines % Correct
AJL | AMD | ATQ | BBI | BDQ | BHO | BLR | BOM | CCJ | CCU | CJB | CNN | COK | DED | DEL | DMU | GAU | GAY | GOI | HBX | HJR | HYD | IDR | IMF | IXA | IXB | IXC | IXE | IXJ | IXL | IXM | IXR | IXS | IXU | IXZ | JAI | JDH | JGA | LKO | MAA | NAG | NDC | PAT | PNQ | RAJ | RDP | RPR | STV | SXR | TIR | TRV | UDR | VGA | VNS | VTZ Air India
97%
ATQ | BLR | BOM | CCJ | CJB | CNN | COK | DEL | IXC | IXE | IXM | JAI | LKO | MAA | PNQ | STV | TRV | TRZ | VGA | VNS Air India Express
97%
AMD | BLR | BOM | CCJ | CCU | COK | DEL | HYD | MAA | TRV Emirates
91%
AGR | AJL | AMD | ATQ | BBI | BDQ | BHO | BLR | BOM | CCJ | CCU | CJB | CNN | COK | DED | DEL | DIB | DMU | GAU | GAY | GOI | GOP | HBX | HYD | IDR | IMF | IXA | IXB | IXC | IXD | IXE | IXG | IXM | IXR | IXS | IXU | IXZ | JAI | JDH | JLR | JRH | KLH | LKO | MAA | MYQ | NAG | PAT | PNQ | RJA | RPR | SAG | SHL | STV | SXR | TCR | TIR | TRV | TRZ | UDR | VGA | VNS | VTZ IndiGo
87%
AMD | BLR | CCU | COK | GAY | JAI | MAA | VNS Thai AirAsia
87%
BLR | BOM | DEL | HYD | MAA British Airways
86%
BLR | BOM | DEL | MAA Air France
85%
BOM | DEL Air China
81%
AMD | ATQ | BLR | BOM | CCJ | CCU | COK | DEL | GOI | HYD | MAA | NAG | TRV Qatar Airways
80%
AMD | BLR | BOM | CCU | DEL | MAA Singapore Airlines
80%
BLR | BOM | DEL | MAA Lufthansa
79%
BOM | DEL United Airlines
78%
AIP | AMD | ATQ | BLR | BOM | CCJ | CCU | CJB | COK | DED | DEL | DHM | DIB | GAU | GOI | GOP | GWL | HYD | IXB | IXE | IXG | IXJ | IXL | IXM | IXS | IXU | IXY | IXZ | JAI | JDH | JLR | JRG | JSA | KQH | KNU | MAA | PAT | PBD | PNQ | PNY | PYG | RAJ | RDP | SAG | STV | SXR | TCR | TIR | TRV | UDR | VGA | VNS SpiceJet
77%
BOM | DEL Aeroflot
76%
AMD | BLR | BOM | CCJ | CCU | COK | DEL | HYD | MAA | TRV Etihad Airways
76%
BLR | BOM | CCU | DEL | HYD | MAA Thai Airways
76%
AMD | BOM | CCU | GAY | JAI | LKO | VNS Thai Smile
76%
BLR | DEL Japan Airlines
75%
BHO | BLR | BOM | CCJ | COK | DEL | HYD | LKO | MAA Saudia
75%
BLR | BOM | DEL KLM
74%
BOM Delta Air Lines
73%
BOM | DEL | MAA All Nippon Airways
72%
DEL China Airlines
72%
BOM | DEL Turkish Airlines
72%
BBI | BLR | CCU | COK | HYD | IXI | MAA | TRZ | VTZ AirAsia
70%
AMD | BBI | BLR | BOM | CCU | COK | DEL | GAU | GOI | HYD | IDR | IMF | IXA | IXB | IXC | IXR | JAI | MAA | NAG | PNQ | SXR | VTZ AirAsia India
70%
AMD | ATQ | DEL | JAI AirAsia X
70%
BOM | DEL Air Canada
69%
BLR | BOM | DEL | MAA Ethiopian Airlines
69%
BLR | BOM | CCU | CJB | COK | DEL | HYD | IXM | MAA | TRV | TRZ SriLankan Airlines
69%
BLR | BOM | COK | DEL | HYD | MAA Malaysia Airlines
68%
BLR | BOM | CCJ | COK | DEL | GOI | HYD | JAI | LKO | MAA | TRV Oman Air
68%
AMD | ATQ | BBI | BLR | BOM | CCU | COK | DED | DEL | DIB | GAU | GOI | HJR | HYD | IDR | IXB | IXC | IXJ | IXL | IXR | IXZ | LKO | MAA | PAT | PNQ | RPR | SXR | TRV | UDR | VNS Vistara
68%
BLR | BOM | DEL Nepal Airlines
65%
CCU Cathay Dragon
64%
BLR | BOM | DEL | HYD | MAA Cathay Pacific
63%
BLR | BOM | CCJ | COK | DEL | HYD | MAA | TRV Gulf Air
63%
DEL China Southern Airlines
61%
BOM | DEL Swiss
61%
CCU | DEL Biman Bangladesh
60%
BOM EgyptAir
60%
CCU | DEL China Eastern Airlines
59%
BOM | DEL Korean Air
59%
DEL Alitalia
57%
DEL | GOI LOT
57%
DEL Finnair
56%
AMD | BLR | BOM | COK | DEL | MAA | TRV Kuwait Airways
56%
BOM El Al
54%
BOM Kenya Airways
54%
BOM Iran Air
49%
ATQ | BOM | DEL Uzbekistan Airways
49%
BLR | BOM | DEL | MAA Air Mauritius
47%
BOM | DEL Virgin Atlantic
47%
AMD | BLR | BOM | CCJ | CJB | COK | DEL | GOI | HYD | JAI | MAA | NAG | TRV Air Arabia
46%
AMD | BOM | CCJ | COK | DEL | HYD | IDR | LKO | MAA flydubai
46%
AJL | AMD | BBI | BLR | BOM | CCU | CNN | COK | DEL | GAU | GOI | HYD | IDR | IXB | IXC | IXJ | IXL | IXR | IXZ | JAI | LKO | MAA | NAG | PAT | PNQ | SXR | VNS GoAir
46%
AMD | CCU | DEL | GAU | GAY | IXB Druk Air
45%
DEL Air Astana
44%
ATQ | CJB | HYD | TRV | TRZ | VTZ Scoot
40%
AMD | BOM | DEL Iraqi Airways
39%
DEL Mahan Air
34%
BOM Thai Lion Air
34%
ATQ Turkmenistan Airlines
34%
BOM Yemenia
34%
DEL VietJet Air
32%
DEL Ariana Afghan Airlines
31%
BOM | CCU | DEL | GAY Bhutan Airlines
31%
CCJ | DEL | HYD | LKO Flynas
31%
CCU | GAY Myanmar Airways International
31%
GAY Myanmar National Airlines
31%
AGR | AGX | AMD | BBI | BHJ | BHO | BHU | BKB | BLR | BOM | BUP | CCJ | CCU | COK | DED | DEL | DHM | DIU | DMU | GAU | GOI | GOP | GWL | HBX | HYD | IDR | IMF | ISK | IXC | IXD | IXG | IXI | IXJ | IXM | IXP | IXR | IXT | IXY | JAI | JGB | JLR | JRG | KLH | KUU | LKO | LUH | MAA | MYQ | PGH | PNQ | RPR | SAG | SLV | TEZ | TIR | TRZ | UDR | VGA | VNS | VTZ Alliance Air
30%
COK | MAA | TRV Maldivian
28%
BOM Air Seychelles
25%
DEL Ukraine International Airlines
25%
BOM Bangkok Airways
24%
BOM Air Tanzania
22%
CCU | MAA US-Bangla Airlines
22%
AMD | BOM | CCJ | COK | DEL | HYD Jazeera Airways
21%
DEL Kam Air
21%
GOI Rossiya Airlines
20%
ATQ | BLR | BOM | CCU | COK | DEL | TRV | TRZ | VNS Malindo Air
19%
BLR | COK | HYD | MAA SilkAir
19%
GOI TUI
18%
MAA Batik Air
16%
CCJ SalamAir
15%
AMD | BLR | BOM | HBX | HDX | IDR | IXG | JGA | KQH | TIR Star Air
14%
MAA Air Austral
12%
BOM RwandAir
11%
GOI SCAT
10%
AMD | BLR | BOM | CDP | GOI | HYD | IDR | ISK | IXG | IXU | IXY | JSA | KLH | MAA | MYQ | NDC | PBD | RJA | SXV | TIR | VGA TruJet
10%
GOI Nordwind Airlines
9%
DEL Somon Air
9%
VNS Buddha Air
8%
AMD | BHU | DIU | IXW Air Deccan
7%
DEL NokScoot
7%
DEL Avia Traffic Company
6%
CCU Regent Airways
6%
CCU Novoair
5%
AGR | DEL Zoom Air
5%
GOI Azur Air
4%
GOI Azur Air Ukraine
4%
GOI Royal Flight
4%
IMF Air KBZ
3%
MAA FitsAir
3%
DEL Shandong Airlines
3%
GOI Sunday Airlines
3%
IXW North East Shuttle
1%
No matching quizzes found
Score Distribution
Percent of People with Each Score
Percentile by Number Answered
Your Score History
You have not taken this quiz